Estatísticas para Regiões da Espanha

Clique aqui para jogar o quiz

Estatísticas Gerais

  • Esse quiz foi jogado 3 965 vezes
  • A pontuação média é 8 de 17

Respostas no mapa

Respostas codificadas por cores de uma escala verde-vermelha no mapa do quiz de acordo com a % correta abaixo.
 

Estatísticas das Respostas

Comunidade% Correto
Catalunha
91%
Madrid
87%
País Basco
68%
Galiza
60%
Andaluzia
59%
Ilhas Canárias
56%
Comunidade {Valencia}na
55%
Castela e Leão
45%
Aragão
42%
Astúrias
38%
Baleares
38%
Estremadura
32%
Navarra
32%
Múrcia
29%
Castela-Mancha
26%
Cantábria
24%
La Rioja
23%

Distribuição das Pontuações

Percentil de Números Respondidos

Porcentagem de Pessoas com Cada Pontuação

Sua Pontuação Histórica

Você não jogou esse quiz